Jon Bon Jovi Quiz - Statistics

General Stats
  • This quiz has been taken 23 times
  • The average score is 11 of 15
Answer Stats
Hint Answer % Correct
How many solo studio albums he released? 2
100%
How many kids does he have? 4
94%
The most popular band he was a member of Bon Jovi
94%
Month of his birth March
94%
Real name John Bongiovi
89%
The most popular song recorded by this band Livin' on a prayer
89%
US state he comes from New Jersey
89%
Year of his birth 1962
83%
Enter one of his professions: Singer, musican, actor, songwriter
78%
Year of their marriage 1989
72%
His most popular song solo Blaze of glory
72%
Name of his wife Dorothea Hurley
39%
A 1990 film in which he played a role of prisoner Young Guns II
39%
City where he was born Perth Amboy
33%
His voice type Tenor
33%
No matching quizzes found
Score Distribution
Percent of People with Each Score
Percentile by Number Answered
Your Score History
You have not taken this quiz